| 000 | 00542nam a22001937a 4500 | ||
|---|---|---|---|
| 003 | KOHA_MİRAKIL | ||
| 005 | 20251209091643.0 | ||
| 008 | 251209b tu ||||| |||| 00| 0 tur d | ||
| 020 | _a9786055147228 | ||
| 040 |
_aTR-AnABB _btur _cTR-AnABB |
||
| 041 | _atur | ||
| 082 |
_a297.74 _bGOL 2022 |
||
| 100 | 1 | _aGölpınarlı, Abdülbaki, | |
| 245 | 1 | 0 |
_aMelamilik ve melamiler / _cAbdülbaki Gölpınarlı |
| 260 |
_aİstanbul : _bKapı Yayınları, _c2022 |
||
| 300 |
_a381 sayfa ; _c21 cm |
||
| 650 | 0 | 4 | _aİslam |
| 942 |
_2ddc _cBK |
||
| 999 |
_c9718 _d9718 |
||
| 900 | _bGizem YORULMAZ | ||